| 000 | 00630nam a22002177a 4500 | ||
|---|---|---|---|
| 005 | 20251108171216.0 | ||
| 008 | 250721s1998 xx 000 0 ara d | ||
| 082 | 1 | 4 | _a811.3/خنس |
| 100 | 1 |
_aحمامي، محمد _eتحقيق |
|
| 245 | 1 | 0 | _aحسان بن ثابت / |
| 250 | _aط2 | ||
| 264 | 1 |
_aبيروت : _bدار الشرق العربي، _c1998. |
|
| 300 | _a207ص | ||
| 490 | 0 | _aسلسلة نوابغ الفكر العربي ؛ 34 | |
| 650 | 1 | 7 | _aالشعر العربي |
| 650 | 1 | 7 | _aالعصر |
| 650 | 1 | 7 | _aالإسلام |
| 700 | 1 | _aحاصري، بدر الدين | |
| 942 |
_2ddc _cBK |
||
| 999 |
_c59378 _d59378 |
||